[Event "II Torneo Internazionale"]
[Site "Montecatini Terme ITA"]
[Date "1998.11.??"]
[Round "9"]
[White "Corvi, Marco"]
[Black "Golubovic, Boris"]
[Result "0-1"]
[WhiteElo "2305"]
[BlackElo "2440"]
[PlyCount "120"]
[EventDate "1998.11.07"]

1. c4 e6 2. Nf3 d5 3. b3 c5 4. Bb2 Nc6 5. e3 d4 6. exd4 cxd4 7. d3 Nf6 8. Be2
e5 9. O-O Bd6 10. Na3 O-O 11. Nc2 Re8 12. a3 a5 13. Qd2 Qe7 14. Ng5 Bf5 15. Bf3
h6 16. Ne4 Nxe4 17. Bxe4 Bxe4 18. dxe4 Rab8 19. Qe2 Nd8 20. Ne1 Ne6 21. Nd3 b5
22. cxb5 Rxb5 23. f4 exf4 24. Nxf4 Rxb3 25. Nxe6 Qxe6 26. Bxd4 Bxh2+ 27. Kxh2
Qd6+ 28. Kh1 Qxd4 29. Qh5 Rb7 30. Rab1 Rbe7 31. Rbd1 Qxe4 32. Qxa5 Re5 33. Qa7
R8e7 34. Rd8+ Kh7 35. Qd4 Qxd4 36. Rxd4 Re1 37. Kg1 R7e2 38. Rxe1 Rxe1+ 39. Kf2
Ra1 40. Rd3 h5 41. g3 Kg6 42. Kg2 f5 43. Rb3 Kg5 44. Kh3 Ra2 45. Rc3 Re2 46. a4
Ra2 47. Rc4 Kh6 48. Rb4 Ra3 49. Kg2 g6 50. Kh2 g5 51. Rb6+ Kg7 52. Rb7+ Kf6 53.
Rb6+ Ke5 54. Rg6 g4 55. Rh6 Ke4 56. Rxh5 f4 57. gxf4 Kf3 58. Rb5 Ra2+ 59. Kg1
Ra1+ 60. Kh2 g3+ 0-1

[Event "II Torneo Internazionale"]
[Site "Montecatini Terme ITA"]
[Date "1998.11.??"]
[Round "9"]
[White "Iotti, Pierluigi"]
[Black "Cugini, Verter"]
[Result "1/2-1/2"]
[WhiteElo "2320"]
[BlackElo "2190"]
[PlyCount "101"]
[EventDate "1998.11.07"]

1. d4 d6 2. e4 Nf6 3. Nc3 g6 4. f3 Bg7 5. Be3 c6 6. Qd2 O-O 7. Bh6 e5 8. Bxg7
Kxg7 9. Nge2 b5 10. a3 Bb7 11. O-O-O Qe7 12. g4 a6 13. Ng3 Bc8 14. h4 Ng8 15.
g5 Nd7 16. Rh2 Re8 17. dxe5 dxe5 18. Qd6 Qxd6 19. Rxd6 Ne7 20. Bh3 Nb6 21. Bxc8
Raxc8 22. b3 Red8 23. Rhd2 Rxd6 24. Rxd6 Kf8 25. Nf1 Ke8 26. Rd2 Rd8 27. Rh2
Kd7 28. Ne3 Ke6 29. Ncd1 f5 30. Nf2 Rf8 31. Nd3 Nd7 32. Kd2 fxe4 33. fxe4 Nc8
34. Ng4 Nd6 35. Ke3 c5 36. h5 c4 37. Nb4 Rf4 38. Nf2 cxb3 39. cxb3 Nc5 40. Nd5
Rf7 41. hxg6 hxg6 42. Rh6 Rg7 43. b4 Ncxe4 44. Nxe4 Kxd5 45. Nxd6 Kxd6 46. Ke4
Ke6 47. Rh8 Rc7 48. Re8+ Kd6 49. Rd8+ Ke6 50. Re8+ Kd6 51. Rd8+ 1/2-1/2

[Event "II Torneo Internazionale"]
[Site "Montecatini Terme ITA"]
[Date "1998.11.??"]
[Round "9"]
[White "Medancic, Rikard"]
[Black "Sciortino, Massimo"]
[Result "1-0"]
[WhiteElo "2330"]
[BlackElo "2180"]
[PlyCount "93"]
[EventDate "1998.11.07"]

1. b3 d6 2. Bb2 e5 3. e3 f5 4. Nf3 Nf6 5. d4 e4 6. Ng5 h6 7. Nh3 g5 8. Be2 Be6
9. f3 exf3 10. Bxf3 d5 11. Nf2 Bd6 12. g4 O-O 13. Nc3 c6 14. Qe2 Qe7 15. gxf5
Bxf5 16. O-O-O Na6 17. e4 dxe4 18. Nfxe4 Bf4+ 19. Kb1 Rae8 20. Rde1 Nxe4 21.
Bxe4 Qf7 22. Qg2 Nb4 23. h4 a5 24. hxg5 hxg5 25. d5 Qg6 26. dxc6 bxc6 27. a3
Bxe4 28. Nxe4 Nd5 29. Qf3 Be5 30. Qh5 Qg7 31. Reg1 Nf4 32. Bxe5 Rxe5 33. Qf3
Ne6 34. Qd3 Nf4 35. Qf3 Ne6 36. Qd3 Rd8 37. Qf3 Rf8 38. Qg2 Nf4 39. Qf3 Qg6 40.
Ng3 Ne6 41. Qg4 Rf4 42. Qh3 Rf8 43. Nh5 Nf4 44. Nxf4 Rxf4 45. Qh8+ Kf7 46. Rh7+
Ke6 47. Rh6 1-0

[Event "II Torneo Internazionale"]
[Site "Montecatini Terme ITA"]
[Date "1998.11.??"]
[Round "9"]
[White "Vezzosi, Paolo"]
[Black "Drei, Andrea"]
[Result "1/2-1/2"]
[WhiteElo "2325"]
[BlackElo "2340"]
[PlyCount "81"]
[EventDate "1998.11.07"]

1. c4 e5 2. g3 Nf6 3. Bg2 d5 4. cxd5 Nxd5 5. Nc3 Nb6 6. Nf3 Nc6 7. O-O Be7 8.
d3 O-O 9. Be3 f5 10. Qc1 Bf6 11. Bc5 Be7 12. Qe3 f4 13. Bxe7 Qxe7 14. Qc1 Bg4
15. Re1 Rad8 16. Nd2 Nd4 17. Nb3 Nxe2+ 18. Nxe2 f3 19. h3 Bc8 20. Nf4 Qd6 21.
Nh5 fxg2 22. Qg5 Qg6 23. Rxe5 Nd7 24. Nf4 Qxg5 25. Rxg5 h6 26. Ra5 Nf6 27. Rxa7
g5 28. Nxg2 Rxd3 29. Ne1 Rd5 30. Kg2 Ne4 31. f3 Nd2 32. Rd1 Rfd8 33. Ra5 R5d6
34. Nc1 Nxf3 35. Rxd6 Nxe1+ 36. Kf2 Rxd6 37. Ra8 Rd8 38. Kxe1 Kf7 39. h4 gxh4
40. gxh4 Re8+ 41. Kf2 1/2-1/2

[Event "II Torneo Internazionale"]
[Site "Montecatini Terme ITA"]
[Date "1998.11.??"]
[Round "10"]
[White "Cugini, Verter"]
[Black "Toulzac, Pierre-Yves"]
[Result "0-1"]
[WhiteElo "2190"]
[BlackElo "2275"]
[PlyCount "42"]
[EventDate "1998.11.07"]

1. e4 Nc6 2. d4 d5 3. e5 Bf5 4. c3 e6 5. Bd3 Bxd3 6. Qxd3 Qd7 7. Nf3 f5 8. exf6
gxf6 9. Bf4 Bg7 10. Nh4 e5 11. Bg3 Nge7 12. O-O O-O 13. dxe5 fxe5 14. Nd2 Rad8
15. Rad1 Qg4 16. Rfe1 Bf6 17. Qe2 Qg7 18. Qh5 Bxh4 19. Bxh4 Rf5 20. Qe2 Rdf8
21. Nf3 Rxf3 0-1

[Event "II Torneo Internazionale"]
[Site "Montecatini Terme ITA"]
[Date "1998.11.??"]
[Round "10"]
[White "Drei, Andrea"]
[Black "Medancic, Rikard"]
[Result "0-1"]
[WhiteElo "2340"]
[BlackElo "2330"]
[PlyCount "72"]
[EventDate "1998.11.07"]

1. e4 e5 2. Nf3 Nc6 3. Bb5 Nf6 4. O-O Be7 5. Re1 d6 6. d4 Bd7 7. Nc3 exd4 8.
Nxd4 O-O 9. h3 Nxd4 10. Qxd4 Re8 11. Bf4 Bxb5 12. Nxb5 Qd7 13. c4 a6 14. Nc3
Qc6 15. Bg5 h6 16. Bh4 Qd7 17. Rad1 Rad8 18. f4 Qc8 19. b3 c6 20. Qd3 b5 21.
cxb5 axb5 22. a4 b4 23. Na2 c5 24. Qc4 Qa8 25. e5 dxe5 26. fxe5 Nd5 27. Bxe7
Ne3 28. Qe2 Rxd1 29. Rxd1 Nxd1 30. Bxc5 Qd5 31. Bxb4 Qxb3 32. a5 Ne3 33. a6
Qb1+ 34. Kh2 Nf1+ 35. Kg1 Ng3+ 36. Qe1 Ne2+ 0-1

[Event "II Torneo Internazionale"]
[Site "Montecatini Terme ITA"]
[Date "1998.11.??"]
[Round "10"]
[White "Golubovic, Boris"]
[Black "Caposciutti, Maurizio"]
[Result "1-0"]
[WhiteElo "2440"]
[BlackElo "2360"]
[PlyCount "87"]
[EventDate "1998.11.07"]

1. e4 d6 2. Nc3 c5 3. Nf3 Nc6 4. Bb5 Bd7 5. Bxc6 Bxc6 6. d4 cxd4 7. Qxd4 Nf6 8.
Bg5 e6 9. O-O-O Be7 10. Rhe1 O-O 11. Qd2 Qc7 12. Nd4 Rfd8 13. f3 a6 14. g4 b5
15. Nce2 Be8 16. Ng3 a5 17. Nh5 Nxh5 18. gxh5 b4 19. Rg1 Rab8 20. Rg3 a4 21.
Rdg1 g6 22. hxg6 hxg6 23. Nxe6 Qc4 24. Bxe7 b3 25. a3 Qxe6 26. Bxd8 Rxd8 27.
Qd5 Qxd5 28. exd5 Rc8 29. c3 Bd7 30. Re1 Kg7 31. Re4 Rh8 32. Rg2 Rh5 33. Rd4
Rf5 34. f4 Rh5 35. Kd2 Rh3 36. Rd3 Rh8 37. c4 Rh4 38. Rf2 Kf6 39. Kc3 Kf5 40.
Kd4 g5 41. c5 dxc5+ 42. Kxc5 Rxf4 43. Rxf4+ gxf4 44. Kd4 1-0

[Event "II Torneo Internazionale"]
[Site "Montecatini Terme ITA"]
[Date "1998.11.??"]
[Round "10"]
[White "Iotti, Pierluigi"]
[Black "Naumkin, Igor"]
[Result "1/2-1/2"]
[WhiteElo "2320"]
[BlackElo "2475"]
[PlyCount "26"]
[EventDate "1998.11.07"]

1. d4 e6 2. c4 f5 3. Nf3 Nf6 4. g3 Be7 5. Bg2 O-O 6. O-O d6 7. Nc3 a5 8. Re1
Ne4 9. Qd3 d5 10. Ne5 c6 11. f3 Nxc3 12. bxc3 Nd7 13. Bf4 b5 1/2-1/2

[Event "II Torneo Internazionale"]
[Site "Montecatini Terme ITA"]
[Date "1998.11.??"]
[Round "10"]
[White "Sciortino, Massimo"]
[Black "Corvi, Marco"]
[Result "1/2-1/2"]
[WhiteElo "2180"]
[BlackElo "2305"]
[PlyCount "33"]
[EventDate "1998.11.07"]

1. e4 c5 2. f4 d5 3. exd5 Qxd5 4. Nc3 Qd8 5. Nf3 Nf6 6. Ne5 e6 7. Qf3 Be7 8.
Bb5+ Nbd7 9. b3 O-O 10. Bb2 Qc7 11. Ne2 Nxe5 12. fxe5 Nd7 13. Bd3 Nxe5 14.
Bxh7+ Kxh7 15. Qh5+ Kg8 16. Bxe5 Bd6 17. Bxg7 1/2-1/2

[Event "II Torneo Internazionale"]
[Site "Montecatini Terme ITA"]
[Date "1998.11.??"]
[Round "10"]
[White "Tomescu, Vlad"]
[Black "Vezzosi, Paolo"]
[Result "1-0"]
[WhiteElo "2425"]
[BlackElo "2325"]
[PlyCount "85"]
[EventDate "1998.11.07"]

1. e4 c5 2. Nf3 Nc6 3. d4 cxd4 4. Nxd4 g6 5. Be2 Bg7 6. Nb3 Nf6 7. Nc3 O-O 8.
O-O d6 9. Bg5 Be6 10. Kh1 a5 11. a4 Rc8 12. f4 Nb4 13. Nd2 d5 14. f5 Bd7 15. e5
Ne8 16. fxg6 hxg6 17. Nf3 Nc7 18. Bd3 Bg4 19. Qe1 Nxd3 20. cxd3 Bxf3 21. Rxf3
Ne6 22. Qh4 Nxg5 23. Qxg5 Rc6 24. Raf1 d4 25. Ne4 Qd5 26. Qh4 f6 27. exf6 exf6
28. Rh3 Rfc8 29. Qh7+ Kf7 30. Rhf3 Qe5 31. Nxf6 Rxf6 32. Rxf6+ Qxf6 33. Rxf6+
Kxf6 34. Qh4+ Kf7 35. Qf2+ Kg8 36. g3 Re8 37. Qc2 Kh7 38. Kg2 Re3 39. b3 Re6
40. Qc5 Re2+ 41. Kh3 Rb2 42. Qb5 Kh6 43. Qxb7 1-0

[Event "II Torneo Internazionale"]
[Site "Montecatini Terme ITA"]
[Date "1998.11.??"]
[Round "11"]
[White "Caposciutti, Maurizio"]
[Black "Sciortino, Massimo"]
[Result "1-0"]
[WhiteElo "2360"]
[BlackElo "2180"]
[PlyCount "87"]
[EventDate "1998.11.07"]

1. Nf3 f5 2. g3 Nf6 3. Bg2 e6 4. O-O d5 5. b3 Bd6 6. Bb2 Qe7 7. d4 c6 8. c4 O-O
9. Nbd2 b6 10. Qc2 Bb7 11. a3 Nbd7 12. Rfc1 Rac8 13. b4 c5 14. Qb3 dxc4 15.
Nxc4 Bd5 16. Qd3 Bb8 17. dxc5 bxc5 18. b5 Rfd8 19. Qc2 Ne4 20. a4 Ndf6 21. Nfd2
Qb7 22. Nxe4 Nxe4 23. f3 Nf6 24. Re1 Qf7 25. Rad1 Qh5 26. Be5 Qh6 27. Qc1 Qxc1
28. Rxc1 Bxe5 29. Nxe5 Bb3 30. Nc6 Rxc6 31. bxc6 c4 32. e4 fxe4 33. fxe4 a5 34.
Bf1 Bxa4 35. Rxc4 Bb5 36. Rc5 Bxf1 37. Kxf1 Rc8 38. Kf2 Rc7 39. h3 Kf7 40. Ke3
Ke7 41. Rd1 a4 42. Rd3 Ne8 43. e5 Ra7 44. Rb5 1-0

[Event "II Torneo Internazionale"]
[Site "Montecatini Terme ITA"]
[Date "1998.11.??"]
[Round "11"]
[White "Corvi, Marco"]
[Black "Drei, Andrea"]
[Result "1/2-1/2"]
[WhiteElo "2305"]
[BlackElo "2340"]
[PlyCount "21"]
[EventDate "1998.11.07"]

1. c4 e5 2. Nc3 Nf6 3. Nf3 Nc6 4. e3 Bb4 5. Qc2 O-O 6. Nd5 Re8 7. Qf5 d6 8.
Nxf6+ gxf6 9. Qh5 d5 10. cxd5 Qxd5 11. Be2 1/2-1/2

[Event "II Torneo Internazionale"]
[Site "Montecatini Terme ITA"]
[Date "1998.11.??"]
[Round "11"]
[White "Medancic, Rikard"]
[Black "Tomescu, Vlad"]
[Result "0-1"]
[WhiteElo "2330"]
[BlackElo "2425"]
[PlyCount "82"]
[EventDate "1998.11.07"]

1. d4 Nf6 2. c4 g6 3. Nc3 d5 4. Nf3 Bg7 5. e3 O-O 6. Qb3 e6 7. cxd5 exd5 8. Be2
c6 9. O-O Nbd7 10. Bd2 Ne4 11. Rfd1 Nxd2 12. Rxd2 Qe7 13. Rc1 Nf6 14. Qa3 Qd8
15. b4 Ne4 16. Rdd1 Qe7 17. Qb3 a6 18. a4 Be6 19. b5 axb5 20. axb5 Ra3 21. Qb2
Rfa8 22. bxc6 bxc6 23. Nxe4 dxe4 24. Nd2 c5 25. Nxe4 cxd4 26. exd4 Bb3 27. Bf3
Bxd1 28. Rxd1 Ra2 29. Qc3 Qa3 30. Qe1 Ra1 31. Nc3 Rxd1 32. Nxd1 Rc8 33. d5 Qd3
34. h4 h5 35. Qe7 Rc1 36. Qe8+ Bf8 37. Qe1 Bd6 38. Qe8+ Kg7 39. Qa4 Be5 40. d6
Bxd6 41. g3 Qxf3 0-1

[Event "II Torneo Internazionale"]
[Site "Montecatini Terme ITA"]
[Date "1998.11.??"]
[Round "11"]
[White "Naumkin, Igor"]
[Black "Cugini, Verter"]
[Result "1-0"]
[WhiteElo "2475"]
[BlackElo "2190"]
[PlyCount "59"]
[EventDate "1998.11.07"]

1. d4 d6 2. c4 e5 3. Nc3 exd4 4. Qxd4 Nc6 5. Qd2 Nf6 6. b3 g6 7. g3 Bg7 8. Bg2
O-O 9. Bb2 Ne7 10. Rd1 Ne8 11. h4 Rb8 12. h5 gxh5 13. Rxh5 Bf5 14. Rh1 Bg6 15.
Nh3 c6 16. Nf4 Qa5 17. Kf1 Qc7 18. Nh5 Bxh5 19. Rxh5 f5 20. Bf3 Rd8 21. Kg2 Nf6
22. Rg5 h6 23. Rxg7+ Kxg7 24. Rh1 Neg8 25. Nd1 Kf7 26. Qf4 Rd7 27. Ne3 Ke8 28.
Nxf5 h5 29. Rd1 Kd8 30. Nxd6 1-0

[Event "II Torneo Internazionale"]
[Site "Montecatini Terme ITA"]
[Date "1998.11.??"]
[Round "11"]
[White "Toulzac, Pierre-Yves"]
[Black "Golubovic, Boris"]
[Result "0-1"]
[WhiteElo "2275"]
[BlackElo "2440"]
[PlyCount "72"]
[EventDate "1998.11.07"]

1. d4 Nf6 2. c4 e6 3. Nf3 b6 4. g3 Ba6 5. Nbd2 Bb7 6. Bg2 c5 7. O-O cxd4 8. Nb3
Be7 9. Nbxd4 O-O 10. b3 a6 11. Bb2 d6 12. Qc2 Qc7 13. Rac1 Nbd7 14. Rfe1 Be4
15. Qc3 Rfe8 16. Bh3 Bf8 17. Nd2 Bb7 18. e4 Rac8 19. Bg2 Qb8 20. Qd3 Qa8 21.
Qf1 Nc5 22. f3 Nfd7 23. Rcd1 b5 24. Nc2 Ne5 25. Nb4 a5 26. Bxe5 dxe5 27. Nd3
Red8 28. Nxe5 f6 29. Ng4 Nd3 30. Re2 Bc5+ 31. Kh1 h5 32. Ne3 Qa7 33. Bh3 Bxe3
34. Bxe6+ Kf8 35. Qh3 g6 36. Qh4 Bg5 0-1

[Event "II Torneo Internazionale"]
[Site "Montecatini Terme ITA"]
[Date "1998.11.??"]
[Round "11"]
[White "Vezzosi, Paolo"]
[Black "Iotti, Pierluigi"]
[Result "1/2-1/2"]
[WhiteElo "2325"]
[BlackElo "2320"]
[PlyCount "20"]
[EventDate "1998.11.07"]

1. e4 Nf6 2. Nc3 d5 3. exd5 Nxd5 4. Bc4 Nb6 5. Bb3 Nc6 6. Nf3 Bf5 7. d4 e6 8.
Be3 Be7 9. O-O O-O 10. h3 Bf6 1/2-1/2

[Event "XXX C.to Italiano a squadre A1 Finali"]
[Site "Bologna ITA"]
[Date "1998.05.09"]
[Round "1"]
[White "Borgo, Giulio"]
[Black "Mascellani, Marco"]
[Result "1-0"]
[WhiteElo "2430"]
[BlackElo "2205"]
[PlyCount "81"]
[EventDate "1998.05.09"]

1. e4 c5 2. Nf3 Nc6 3. Bb5 g6 4. Bxc6 dxc6 5. d3 Bg7 6. Nc3 e5 7. Be3 Qe7 8. h3
h6 9. a3 Nf6 10. Qd2 b6 11. b4 cxb4 12. axb4 Qxb4 13. Ra4 Qe7 14. Bxb6 c5 15.
Qe3 Nd7 16. Bxa7 Bb7 17. O-O O-O 18. Rb1 Bc6 19. Ra6 Rfc8 20. Nd2 f5 21. Nd5
Qf7 22. Nc4 Bxd5 23. Nd6 Qf6 24. exd5 Rxa7 25. Rxa7 Qxd6 26. Rbb7 Rd8 27. Qf3
Bf8 28. g4 f4 29. Qe4 Kf7 30. Qa4 Ke8 31. c4 e4 32. Ra6 exd3 33. Rxd6 Bxd6 34.
Kf1 g5 35. Ke1 f3 36. Kd2 Bf4+ 37. Kxd3 Ke7 38. Qc6 Bd6 39. Ke4 Ke8 40. Qxd6
Nf6+ 41. Qxf6 1-0

[Event "XXX C.to Italiano a squadre A1 Finali"]
[Site "Bologna ITA"]
[Date "1998.05.09"]
[Round "1"]
[White "Djuric, Stefan"]
[Black "Sarno, Spartaco"]
[Result "1/2-1/2"]
[WhiteElo "2520"]
[BlackElo "2375"]
[PlyCount "118"]
[EventDate "1998.05.09"]

1. d4 Nf6 2. c4 g6 3. g3 c6 4. Bg2 d5 5. cxd5 cxd5 6. Nc3 Bg7 7. Bg5 Nc6 8.
Bxf6 Bxf6 9. e3 e6 10. Nge2 Bd7 11. O-O O-O 12. Qd2 Rc8 13. e4 dxe4 14. Nxe4
Bg7 15. Rfd1 Qe7 16. Nc5 b6 17. Nxd7 Qxd7 18. d5 exd5 19. Bxd5 Rfd8 20. Kh1 Nb4
21. Bg2 Rc2 22. Qxc2 Nxc2 23. Rxd7 Rxd7 24. Rc1 Rd2 25. Nc3 Bxc3 26. bxc3 Rxf2
27. Kg1 Rd2 28. a4 Ne3 29. Bf3 Kf8 30. Re1 Nc4 31. Bc6 Nd6 32. Rc1 Nf5 33. Bf3
Nd6 34. Bc6 f6 35. c4 Nf5 36. c5 Nd4 37. cxb6 axb6 38. Rc4 Ke7 39. Bg2 Kd7 40.
Rb4 Kc7 41. Rc4+ Kd6 42. Rc8 f5 43. Rb8 Kc5 44. Rc8+ Kb4 45. Rb8 f4 46. Rxb6+
Ka5 47. Rf6 Ne2+ 48. Kf1 fxg3 49. Ke1 Rb2 50. Rf7 Nf4 51. Ra7+ Kb4 52. Rb7+
Kxa4 53. Rxb2 Nd3+ 54. Ke2 Nxb2 55. h4 Kb4 56. Kf3 Kc5 57. Kxg3 Nd3 58. Be4 Kd4
59. Bxd3 Kxd3 1/2-1/2

[Event "XXX C.to Italiano a squadre A1 Finali"]
[Site "Bologna ITA"]
[Date "1998.05.09"]
[Round "1"]
[White "Mariotti, Sergio"]
[Black "Rivello, Roberto"]
[Result "1/2-1/2"]
[WhiteElo "2380"]
[BlackElo "2280"]
[PlyCount "118"]
[EventDate "1998.05.09"]

1. d4 Nf6 2. Nf3 g6 3. g3 Bg7 4. Bg2 d6 5. O-O O-O 6. b3 Nbd7 7. Bb2 e5 8. dxe5
Ng4 9. c4 dxe5 10. h3 Nh6 11. e4 f6 12. Ba3 Re8 13. Nc3 Bf8 14. Bxf8 Rxf8 15.
Qc1 Nf7 16. Rd1 c6 17. Qa3 a5 18. Rd2 Qb6 19. Na4 Qb4 20. Qb2 Re8 21. a3 Qe7
22. Qc2 Nc5 23. Nb6 Ra6 24. Nxc8 Rxc8 25. Rb1 Raa8 26. b4 axb4 27. axb4 Ne6 28.
c5 Rd8 29. Rbd1 Rxd2 30. Rxd2 Rd8 31. h4 Rxd2 32. Qxd2 Qd8 33. Qxd8+ Nfxd8 34.
Bf1 Kf8 35. Bc4 Ke7 36. Kf1 Kd7 37. Ke2 Kc7 38. Ke3 b6 39. cxb6+ Kxb6 40. Ne1
c5 41. Nd3 cxb4 42. Nxb4 Kc5 43. Bxe6 Nxe6 44. Nd5 f5 45. exf5 gxf5 46. Nf6 Nf8
47. g4 fxg4 48. Ke4 g3 49. fxg3 Kd6 50. Kf5 Ke7 51. Kxe5 Kf7 52. Kf5 h6 53. Ng4
Kg7 54. Ne5 Nh7 55. Nd7 Kf7 56. Ne5+ Kg7 57. Ng4 Nf8 58. Nf6 Kf7 59. Ne4 Nh7
1/2-1/2

[Event "XXX C.to Italiano a squadre A1 Finali"]
[Site "Bologna ITA"]
[Date "1998.05.09"]
[Round "1"]
[White "Palac, Mladen"]
[Black "Godena, Michele"]
[Result "1-0"]
[WhiteElo "2545"]
[BlackElo "2500"]
[PlyCount "81"]
[EventDate "1998.05.09"]

1. e4 e5 2. Nf3 Nc6 3. d4 exd4 4. Nxd4 Qf6 5. Nxc6 Bc5 6. Qd2 Qxc6 7. Bd3 Ne7
8. O-O O-O 9. b4 Bd4 10. c3 Bf6 11. Qe2 g6 12. Bh6 Re8 13. Qf3 Bg7 14. Bxg7
Kxg7 15. c4 a5 16. b5 Qc5 17. Nc3 c6 18. Na4 Qd4 19. Rad1 d6 20. Bc2 Qe5 21.
Qa3 cxb5 22. f4 Qh5 23. Qb2+ Kg8 24. cxb5 Bg4 25. Rxd6 Be2 26. Bd1 Bxd1 27.
Rfxd1 Rac8 28. f5 gxf5 29. Nb6 Rc7 30. Nd7 Rxd7 31. Rxd7 fxe4 32. Rd8 f5 33.
Qf6 Qf7 34. Qxf7+ Kxf7 35. Rxe8 Kxe8 36. Rd6 Nc8 37. Rf6 Kd7 38. Rxf5 Nd6 39.
Re5 a4 40. g4 a3 41. h4 1-0

[Event "XXX C.to Italiano a squadre A1 Finali"]
[Site "Bologna ITA"]
[Date "1998.05.09"]
[Round "1"]
[White "Racioppo, Paolo"]
[Black "Arlandi, Ennio"]
[Result "0-1"]
[WhiteElo "2235"]
[BlackElo "2425"]
[PlyCount "82"]
[EventDate "1998.05.09"]

1. e4 c5 2. Nf3 e6 3. d3 Nc6 4. c3 d5 5. Nbd2 Nf6 6. Qe2 Be7 7. g3 b6 8. Bg2
Ba6 9. e5 Nd7 10. O-O Qc7 11. Re1 g5 12. h3 h5 13. g4 hxg4 14. hxg4 O-O-O 15.
Nf1 Rdg8 16. b3 Nf8 17. a3 Ng6 18. b4 Nh4 19. Bh1 Kb8 20. Rb1 cxb4 21. axb4 Bb7
22. b5 Nd8 23. Bd2 f5 24. N1h2 Nxf3+ 25. Bxf3 Rh4 26. Kg2 Rgh8 27. Rh1 Nf7 28.
d4 R8h7 29. gxf5 exf5 30. Kg1 g4 31. Bg2 Bg5 32. Rc1 Qe7 33. c4 dxc4 34. Bxg5
Nxg5 35. Qxc4 Qe6 36. Bxb7 Qxc4 37. Rxc4 Kxb7 38. Kg2 Nf3 39. Rhc1 Rxh2+ 40.
Kg3 Nd2 41. Rc8 Ne4+ 0-1

[Event "XXX C.to Italiano a squadre A1 Finali"]
[Site "Bologna ITA"]
[Date "1998.05.09"]
[Round "1"]
[White "Sedina, Elena"]
[Black "Efimov, Igor"]
[Result "0-1"]
[WhiteElo "2380"]
[BlackElo "2525"]
[PlyCount "120"]
[EventDate "1998.05.09"]

1. e4 c5 2. Nf3 e6 3. d4 cxd4 4. Nxd4 a6 5. c4 b6 6. Nc3 Bb7 7. Be3 Nf6 8. f3
d6 9. Be2 Nbd7 10. O-O Be7 11. Qd2 O-O 12. Rfd1 Re8 13. Rac1 Rc8 14. a3 Qc7 15.
b4 Qb8 16. Nb3 Bd8 17. Bf4 Ne5 18. Bxe5 dxe5 19. c5 Nh5 20. c6 Rxc6 21. b5 axb5
22. Bxb5 Be7 23. Bxc6 Bxc6 24. Ne2 Ba4 25. Rc3 h6 26. Qb2 Nf4 27. Nxf4 exf4 28.
Rcd3 Qa7 29. Ra1 e5 30. Rd5 f6 31. Rc1 Bd7 32. Rd3 Be6 33. Nd2 Qa6 34. Qb1 Bxa3
35. Rc7 Bc5+ 36. Kh1 Ra8 37. h3 Kh7 38. Nb3 Be3 39. Kh2 Qb5 40. Qd1 Ra3 41. Rd8
Bf2 42. Nc1 Bg3+ 43. Kg1 Re3 44. Nd3 Kg6 45. Rd6 Ba2 46. Rcc6 Qa5 47. Rc1 Qa3
48. Rd7 Be6 49. Rd6 Kh7 50. Nf2 Bb3 51. Qd2 b5 52. Rd7 Be6 53. Rdc7 Bc4 54. Ng4
Re2 55. Qd1 Re1+ 56. Qxe1 Bxe1 57. Rxe1 Qa5 58. Nxf6+ Kg6 59. Ne8 Qxe1+ 60. Kh2
Bf7 0-1

[Event "XXX C.to Italiano a squadre A1 Finali"]
[Site "Bologna ITA"]
[Date "1998.05.09"]
[Round "1"]
[White "Stangl, Markus"]
[Black "Sebastianelli, Diego"]
[Result "1-0"]
[WhiteElo "2530"]
[BlackElo "2345"]
[PlyCount "69"]
[EventDate "1998.05.09"]

1. c4 Nf6 2. Nf3 e6 3. g3 b6 4. Bg2 Bb7 5. O-O Be7 6. Nc3 O-O 7. Re1 d5 8. cxd5
exd5 9. d4 Nbd7 10. Bf4 c6 11. Qc2 Re8 12. Rad1 Nf8 13. Ne5 Bd6 14. e4 Ne6 15.
Qd2 Nxf4 16. Qxf4 Re7 17. Qf5 Bb4 18. exd5 cxd5 19. Re3 Rc8 20. Qc2 Rec7 21.
Qb3 Bxc3 22. bxc3 Qf8 23. Rc1 Rd8 24. Qa4 Ba8 25. Nd3 Bc6 26. Qa6 Bd7 27. Nf4
Bf5 28. Re5 Be4 29. f3 Bg6 30. h4 h5 31. Bh3 Qd6 32. Nxg6 fxg6 33. Qd3 Re7 34.
f4 Ne4 35. c4 1-0

[Event "XXX C.to Italiano a squadre A1 Finali"]
[Site "Bologna ITA"]
[Date "1998.05.09"]
[Round "1"]
[White "Vancini, Edoardo"]
[Black "Belotti, Bruno"]
[Result "0-1"]
[WhiteElo "2270"]
[BlackElo "2420"]
[PlyCount "78"]
[EventDate "1998.05.09"]

1. e4 c5 2. c3 d5 3. exd5 Qxd5 4. d4 Nf6 5. Nf3 Nc6 6. Be3 Ng4 7. Nbd2 cxd4 8.
Bc4 Qd8 9. cxd4 e6 10. O-O Be7 11. Qe2 O-O 12. a3 b6 13. Ne4 Bb7 14. Rad1 Nxe3
15. Qxe3 Na5 16. Ba2 Rc8 17. Rfe1 Nc4 18. Qe2 Bxe4 19. Qxe4 Nxb2 20. Rd2 Nc4
21. Rd3 Bf6 22. d5 exd5 23. Rxd5 Qc7 24. h4 Nxa3 25. Qf5 Qc2 26. Re4 Qxa2 27.
Rg4 Qb1+ 28. Kh2 Qxf5 29. Rxf5 Rc4 30. Rg3 Be7 31. Ne5 Rxh4+ 32. Kg1 Bd6 33.
Rd3 Bxe5 34. Rxe5 Nc4 35. Re7 a5 36. Rc7 b5 37. g3 Rh5 38. Rb3 a4 39. Rb4 a3
0-1

[Event "XXX C.to Italiano a squadre A1 Finali"]
[Site "Bologna ITA"]
[Date "1998.05.10"]
[Round "2"]
[White "Godena, Michele"]
[Black "Djuric, Stefan"]
[Result "1/2-1/2"]
[WhiteElo "2500"]
[BlackElo "2520"]
[PlyCount "48"]
[EventDate "1998.05.09"]

1. e4 e5 2. Nf3 Nc6 3. Bb5 Nf6 4. d3 d6 5. c3 g6 6. O-O Bg7 7. Re1 O-O 8. Bg5
h6 9. Bh4 Bd7 10. Nbd2 Qe8 11. Nf1 a6 12. Ba4 Nd4 13. cxd4 Bxa4 14. b3 Bd7 15.
dxe5 dxe5 16. Qc1 Bg4 17. Qxc7 Bxf3 18. gxf3 Qb5 19. Bxf6 Bxf6 20. Ne3 Rac8 21.
Qd6 Rc6 22. Qd5 Rc5 23. Qd6 Rc6 24. Qd5 Rc5 1/2-1/2

[Event "XXX C.to Italiano a squadre A1 Finali"]
[Site "Bologna ITA"]
[Date "1998.05.10"]
[Round "2"]
[White "Palac, Mladen"]
[Black "Sarno, Spartaco"]
[Result "1/2-1/2"]
[WhiteElo "2545"]
[BlackElo "2375"]
[PlyCount "51"]
[EventDate "1998.05.09"]

1. e4 d6 2. d4 Nf6 3. Nc3 g6 4. Be3 Bg7 5. Qd2 O-O 6. Nf3 a6 7. Bd3 Nbd7 8. a4
b6 9. O-O Bb7 10. Rfe1 c5 11. d5 Qc7 12. Bc4 Ne5 13. Nxe5 dxe5 14. Bh6 Rad8 15.
Bxg7 Kxg7 16. Qe2 Qc8 17. Ra3 e6 18. Rd1 exd5 19. Nxd5 Nxd5 20. Bxd5 Bc6 21.
Rb3 b5 22. axb5 axb5 23. Rc3 c4 24. b3 Bxd5 25. exd5 Rfe8 26. Qe3 1/2-1/2

[Event "XXX C.to Italiano a squadre A1 Finali"]
[Site "Bologna ITA"]
[Date "1998.05.10"]
[Round "2"]
[White "Racioppo, Paolo"]
[Black "Mascellani, Marco"]
[Result "1/2-1/2"]
[WhiteElo "2235"]
[BlackElo "2205"]
[PlyCount "76"]
[EventDate "1998.05.09"]

1. e4 c5 2. Nc3 Nc6 3. g3 d6 4. Bg2 g6 5. Nge2 Bg7 6. d3 Nf6 7. f4 O-O 8. O-O
e6 9. h3 d5 10. e5 Nd7 11. a3 f6 12. exf6 Nxf6 13. g4 Qd6 14. Kh1 Bd7 15. Qe1
Rae8 16. Qh4 a6 17. Bd2 b5 18. Ng3 Kh8 19. Nce2 Ng8 20. c3 Bf6 21. g5 Bg7 22.
Rae1 Nge7 23. Ng1 Nf5 24. Nxf5 exf5 25. b3 c4 26. bxc4 dxc4 27. d4 Na5 28. Nf3
Nb3 29. Be3 Bc6 30. Ne5 Bxg2+ 31. Kxg2 Kg8 32. Qf2 Qxa3 33. Nd7 Qd6 34. Nxf8
Qd5+ 35. Qf3 Qxf3+ 36. Kxf3 Bxf8 37. Re2 Kf7 38. h4 a5 1/2-1/2

[Event "XXX C.to Italiano a squadre A1 Finali"]
[Site "Bologna ITA"]
[Date "1998.05.10"]
[Round "2"]
[White "Sedina, Elena"]
[Black "Sebastianelli, Diego"]
[Result "1/2-1/2"]
[WhiteElo "2380"]
[BlackElo "2345"]
[PlyCount "54"]
[EventDate "1998.05.09"]

1. e4 c5 2. Nf3 e6 3. d4 cxd4 4. Nxd4 a6 5. c4 Nf6 6. Nc3 Bb4 7. Bd3 Nc6 8.
Nxc6 dxc6 9. e5 Qa5 10. exf6 Bxc3+ 11. bxc3 Qxc3+ 12. Bd2 Qxd3 13. fxg7 Rg8 14.
Bh6 Qc3+ 15. Kf1 Qf6 16. Qc1 e5 17. Rb1 Qe7 18. Qc2 Be6 19. Qxh7 Bxc4+ 20. Kg1
O-O-O 21. Qf5+ Qd7 22. Qxe5 Qd6 23. Qh5 Be2 24. Rc1 Qd5 25. Qxf7 Qd7 26. Qh5
Qd5 27. Qf7 Rd7 1/2-1/2